000 00337nam a2200133Ia 4500
005 20251222141827.0
008 251222s9999||||xx |||||||||||||| ||spa||
082 _a730/R81
100 _aRomão Mateus, José Manuel
245 0 _aArte Moderna. Modern Art
250 _a1ra.ed.
264 _bFunadação Biena de São Paulo
942 _cLIB
999 _c6983
_d6983